(Almost) IMPOSSIBLE ANIMAL PICTURE QUIZ - Statistics

General Stats
  • This quiz has been taken 135 times
  • The average score is 7 of 15
Answer Stats
Picture Answer % Correct
Alligator snapping turtle.
84%
Lynx.
77%
Echidna.
72%
Brown Kiwi.
70%
Sun bear.
64%
Aye-aye
52%
Shoebill.
50%
Sphynx cat.
49%
Proboscis Monkey.
48%
Kakapo.
33%
Saiga antelope.
27%
Northern Leopard frog.
24%
Red-lipped Bat fish.
20%
Bandicoot.
19%
Sea squirt.
10%
No matching quizzes found
Score Distribution
Percent of People with Each Score
Percentile by Number Answered
Your Score History
You have not taken this quiz